Rotunda / (Запис № 544813)

МАРК-запис
000 -LEADER
fixed length control field 01127nam a2200265M 4500
001 - CONTROL NUMBER
control field rotundasieg00sieg
003 - CONTROL NUMBER IDENTIFIER
control field CaSfIA
005 - DATE AND TIME OF LATEST TRANSACTION
control field 20210119075737.0
007 - PHYSICAL DESCRIPTION FIXED FIELD--GENERAL INFORMATION
fixed length control field cr||||
008 - FIXED-LENGTH DATA ELEMENTS--GENERAL INFORMATION
fixed length control field 041216s1977 xx 000 0 eng d
040 ## - CATALOGING SOURCE
Original cataloging agency NLGGC
Description conventions fobidrtb
Language of cataloging dut
Transcribing agency NLGGC
Modifying agency CaSfIA
020 ## - INTERNATIONAL STANDARD BOOK NUMBER
International Standard Book Number 0895160099
020 ## - INTERNATIONAL STANDARD BOOK NUMBER
International Standard Book Number 9780895160096
035 ## - SYSTEM CONTROL NUMBER
System control number (OCoLC)66672438
029 0# - (OCLC)
OCLC library identifier NLGGC
System control number 270383670
100 1# - MAIN ENTRY--PERSONAL NAME
Personal name Siegrist, Robert R.
245 10 - TITLE STATEMENT
Title Rotunda /
Medium [electronic resource]
Statement of responsibility, etc Robert R. Siegrist.
260 ## - PUBLICATION, DISTRIBUTION, ETC. (IMPRINT)
Place of publication, distribution, etc New York :
Name of publisher, distributor, etc Condor,
Date of publication, distribution, etc 1977.
300 ## - PHYSICAL DESCRIPTION
Extent 610 p. ;
Dimensions 18 cm.
506 ## - RESTRICTIONS ON ACCESS NOTE
Standardized terminology for access restriction Необхідна авторизація на https://archive.org/ (створення облікового запису безкоштовно)
506 ## - RESTRICTIONS ON ACCESS NOTE
Standardized terminology for access restriction Необхідна авторизація на https://openlibrary.org/ (створення облікового запису безкоштовно)
856 41 - ELECTRONIC LOCATION AND ACCESS
Uniform Resource Identifier <a href="http://www.archive.org/details/rotundasieg00sieg">http://www.archive.org/details/rotundasieg00sieg</a>
Public note Free eBook from the Internet Archive
856 42 - ELECTRONIC LOCATION AND ACCESS
Uniform Resource Identifier <a href="http://www.openlibrary.org/books/OL24238868M">http://www.openlibrary.org/books/OL24238868M</a>
Public note Additional information and access via Open Library
942 ## - ADDED ENTRY ELEMENTS (KOHA)
Koha item type ЕКнига

Немає доступних примірників.